[Event "CZECH OPEN 2011 "]
[Site "Pardubice (CZE)"]
[Date "2011.07.29"]
[Round "8.77"]
[White "Ruckschloss, Karol"]
[Black "Zwardon, Vojtech"]
[Result "1/2-1/2"]
[WhiteElo "2312"]
[BlackElo "2231"]
[PlyCount "90"]
[EventDate "2011.07.22"]

1. c4 Nf6 2. Nf3 c5 3. g3 Nc6 4. Bg2 d6 5. d4 cxd4 6. Nxd4 Bd7 7. Nc3 g6 8. O-O
Bg7 9. Nxc6 bxc6 10. Rb1 O-O 11. b3 Qa5 12. Bb2 Ng4 13. Na4 Bxb2 14. Rxb2 Qh5
15. h3 Nf6 16. e4 Rab8 17. Qxh5 Nxh5 18. Rd1 Rfc8 19. e5 d5 20. Nc5 Be8 21. Rc2
e6 22. Bf3 Ng7 23. g4 Kf8 24. Be2 Rd8 25. f4 Ke7 26. Kf2 h6 27. Ke3 a5 28. Rf1
Bd7 29. Bd3 Bc8 30. cxd5 cxd5 31. a3 h5 32. g5 Ne8 33. Kd4 Nc7 34. Rb1 Bd7 35.
b4 axb4 36. Nxd7 Rxd7 37. Rxb4 Rxb4+ 38. axb4 Kd8 39. b5 Na8 40. Ra2 Nb6 41.
Kc5 Rb7 42. Kc6 Kc8 43. Ra6 Nd7 44. Kd6 Nb8 45. Ra3 Rd7+ 1/2-1/2

[Event "CZECH OPEN 2011 "]
[Site "Pardubice (CZE)"]
[Date "2011.07.29"]
[Round "8.70"]
[White "Graf, Felix"]
[Black "Givon, Asaf"]
[Result "1/2-1/2"]
[WhiteElo "2352"]
[BlackElo "2262"]
[PlyCount "80"]
[EventDate "2011.07.22"]

1. d4 Nf6 2. c4 g6 3. Nc3 d5 4. Nf3 Bg7 5. e3 O-O 6. Qb3 e6 7. Bd2 b6 8. cxd5
exd5 9. Be2 Bb7 10. O-O Nbd7 11. Rfd1 Re8 12. a4 a5 13. Rac1 c6 14. Ne1 Qb8 15.
Nd3 c5 16. Qa2 Ne4 17. dxc5 Nxd2 18. Rxd2 d4 19. exd4 Bh6 20. f4 Bxf4 21. Nxf4
Qxf4 22. Rf1 Qxd2 23. Qxf7+ Kh8 24. Qxd7 Qe3+ 25. Kh1 Qe7 26. Qxe7 Rxe7 27.
cxb6 Rd8 28. Rd1 Re6 29. Bc4 Rxb6 30. b3 Rf6 31. Kg1 Kg7 32. d5 Rf5 33. Re1 Kf8
34. h3 Re8 35. Rd1 Rd8 36. Re1 Re8 37. Rd1 Rd8 38. Rd2 Re5 39. Nb5 Rd7 40. Nc3
Ke7 1/2-1/2

[Event "CZECH OPEN 2011 "]
[Site "Pardubice (CZE)"]
[Date "2011.07.29"]
[Round "8.16"]
[White "Kravtsiv, Martyn"]
[Black "Szablowski, Pawel"]
[Result "1-0"]
[WhiteElo "2571"]
[BlackElo "2433"]
[PlyCount "79"]
[EventDate "2011.07.22"]

1. e4 e6 2. d4 d5 3. Nc3 Nf6 4. e5 Nfd7 5. f4 c5 6. Nf3 Nc6 7. Be3 cxd4 8. Nxd4
Bc5 9. Qd2 O-O 10. O-O-O Nxd4 11. Bxd4 a6 12. Bxc5 Nxc5 13. Qd4 b6 14. g3 Bb7
15. Bg2 Rc8 16. Rd2 b5 17. Kb1 Qb6 18. Nd1 Na4 19. Ne3 Rc5 20. f5 b4 21. Ka1
Rfc8 22. f6 g6 23. Qf4 Qd8 24. h4 a5 25. h5 R5c7 26. Bh3 Nc5 27. hxg6 fxg6 28.
Nc4 dxc4 29. Rxd8+ Rxd8 30. Rf1 Kf7 31. Bg4 Be4 32. Bxe6+ Nxe6 33. Qxe4 Rd4 34.
Qh1 h5 35. Rd1 Rcd7 36. Rxd4 Nxd4 37. Kb1 Nf5 38. Kc1 c3 39. bxc3 bxc3 40. Qc6
1-0

[Event "CZECH OPEN 2011 "]
[Site "Pardubice (CZE)"]
[Date "2011.07.29"]
[Round "8.71"]
[White "Gruenter, Martin"]
[Black "Freisler, Pavel"]
[Result "1/2-1/2"]
[WhiteElo "2241"]
[BlackElo "2351"]
[PlyCount "78"]
[EventDate "2011.07.22"]

1. e4 Nf6 2. e5 Nd5 3. d4 d6 4. Nf3 g6 5. Bc4 Nb6 6. Bb3 Bg7 7. Ng5 d5 8. f4
Nc6 9. c3 f6 10. Nf3 Bg4 11. O-O O-O 12. Bc2 Qd7 13. Nbd2 fxe5 14. fxe5 Nd8 15.
h3 Bxf3 16. Nxf3 Ne6 17. b3 c5 18. Be3 Rac8 19. Rc1 cxd4 20. cxd4 Rc7 21. Qd2
Rfc8 22. Bd3 Rxc1 23. Rxc1 Rxc1+ 24. Qxc1 Qc7 25. Qxc7 Nxc7 26. Kf2 Nd7 27. a4
a6 28. Ke2 Nb8 29. Kd2 Nc6 30. Kc3 e6 31. Kb2 Bf8 32. Bd2 Be7 33. Be2 h5 34. g4
hxg4 35. hxg4 Kf7 36. Bd3 Na8 37. Be2 Nb6 38. Bd3 Nd7 39. Be2 Nf8 1/2-1/2

[Event "CZECH OPEN 2011 "]
[Site "Pardubice (CZE)"]
[Date "2011.07.29"]
[Round "8.75"]
[White "Kratochvil, Josef"]
[Black "Gislason, Gudmundur"]
[Result "0-1"]
[WhiteElo "2230"]
[BlackElo "2322"]
[PlyCount "76"]
[EventDate "2011.07.22"]

1. e4 g6 2. d4 Bg7 3. Nc3 d6 4. Be3 a6 5. a4 b6 6. g3 Bb7 7. Bg2 Nf6 8. h3 O-O
9. Nge2 b5 10. O-O b4 11. Nd5 Nxd5 12. exd5 Nd7 13. a5 Nf6 14. Nf4 Qd7 15. Re1
Rab8 16. Qd3 Rfe8 17. h4 Bc8 18. Bd2 e5 19. dxe6 fxe6 20. d5 e5 21. Bh3 Qb5 22.
Qxb5 Rxb5 23. Bf1 Rb8 24. Nd3 Nxd5 25. Bg2 Bb7 26. Bxd5+ Bxd5 27. Nxb4 Bb7 28.
c4 e4 29. Rab1 c5 30. Nc2 d5 31. cxd5 Bxd5 32. Bc3 Bc4 33. Bxg7 Kxg7 34. Ne3
Bd3 35. Rbc1 Rb5 36. f3 exf3 37. Nf5+ gxf5 38. Rxe8 Rxb2 0-1

[Event "CZECH OPEN 2011 "]
[Site "Pardubice (CZE)"]
[Date "2011.07.29"]
[Round "8.80"]
[White "Oganian, Miran"]
[Black "Tjurin, Alexander P"]
[Result "1/2-1/2"]
[WhiteElo "2204"]
[BlackElo "2303"]
[PlyCount "47"]
[EventDate "2011.07.22"]

1. d4 Nf6 2. Nf3 g6 3. c4 Bg7 4. Nc3 O-O 5. e4 d6 6. Be2 Nbd7 7. O-O e5 8. Be3
exd4 9. Nxd4 Nc5 10. f3 a5 11. Ndb5 Nfd7 12. Qd2 Ne6 13. f4 f5 14. exf5 gxf5
15. Bf3 Ndc5 16. Rad1 Bd7 17. Nd4 Bxd4 18. Bxd4 Bc6 19. Qe3 Nxd4 20. Rxd4 Qf6
21. Bd5+ Kh8 22. Rd2 Rae8 23. Qf3 Bxd5 24. Nxd5 1/2-1/2

[Event "CZECH OPEN 2011 "]
[Site "Pardubice (CZE)"]
[Date "2011.07.29"]
[Round "8.76"]
[White "Bartos, Jan"]
[Black "Heidrich, Manfred"]
[Result "1/2-1/2"]
[WhiteElo "2215"]
[BlackElo "2312"]
[PlyCount "26"]
[EventDate "2011.07.22"]

1. d4 f5 2. g3 Nf6 3. Bg2 g6 4. Nf3 Bg7 5. O-O d6 6. b3 e5 7. dxe5 Ng4 8. Bb2
Nc6 9. Na3 Ngxe5 10. Nxe5 Nxe5 11. Nc4 Qe7 12. Nxe5 Bxe5 13. Bxe5 Qxe5 1/2-1/2

[Event "CZECH OPEN 2011 "]
[Site "Pardubice (CZE)"]
[Date "2011.07.29"]
[Round "8.82"]
[White "Hampel, Felix"]
[Black "Adamek, Jiri"]
[Result "1/2-1/2"]
[WhiteElo "2049"]
[BlackElo "2289"]
[PlyCount "212"]
[EventDate "2011.07.22"]

1. d4 Nf6 2. c4 e6 3. Nf3 b6 4. g3 Bb7 5. Bg2 Be7 6. O-O O-O 7. Nc3 Ne4 8. Bd2
d6 9. Qc2 Nxc3 10. Bxc3 Qc8 11. e4 c5 12. d5 exd5 13. cxd5 Nd7 14. Rad1 Bf6 15.
Bxf6 Nxf6 16. Nh4 g6 17. f4 Ne8 18. Qd2 f6 19. e5 Qd8 20. Qd3 Ng7 21. Nf3 Rc8
22. Bh3 Rc7 23. e6 f5 24. Qe3 Qf6 25. Rf2 h6 26. Bg2 Rfc8 27. Rfd2 b5 28. a3 a6
29. h3 Rf8 30. Kh2 Ba8 31. Rc2 Rfc8 32. Qe1 Ne8 33. Qa5 Bb7 34. Ng1 Qe7 35. Ne2
Nf6 36. Bf3 h5 37. Kg2 c4 38. Nc3 Rc5 39. Rd4 Kf8 40. Kf2 Qc7 41. Qxc7 R8xc7
42. Rcd2 Rc8 43. g4 hxg4 44. hxg4 fxg4 45. Bg2 Kg7 46. Ne4 Nxe4+ 47. Bxe4 c3
48. bxc3 Rxc3 49. R4d3 g3+ 50. Kxg3 Kf6 51. Kg4 R8c4 52. Rxc3 Rxc3 53. Re2 Rc7
54. Re3 a5 55. Rh3 b4 56. axb4 axb4 57. Rh6 Rg7 58. f5 b3 59. fxg6 b2 60. Rh1
Ke5 61. Re1 Bxd5 62. Bf3+ Kd4 63. Rd1+ Ke5 64. Bxd5 Rxg6+ 65. Kh5 Rg7 66. Ba2
d5 67. Rxd5+ Kxe6 68. Rb5+ Kf6 69. Rxb2 Rg5+ 70. Kh4 Rg1 71. Bd5 Kf5 72. Rf2+
Ke5 73. Bg2 Re1 74. Kg4 Ke6 75. Kf4 Re5 76. Bh3+ Kd6 77. Ra2 Re7 78. Ra6+ Kc5
79. Be6 Kb5 80. Rd6 Kc5 81. Ke5 Rh7 82. Rd5+ Kc6 83. Rd2 Rh5+ 84. Bf5 Kc5 85.
Rc2+ Kb4 86. Ke4 Rh4+ 87. Kd3 Rh8 88. Rc4+ Kb5 89. Bd7+ Kb6 90. Kc3 Rh7 91. Rd4
Kc5 92. Bf5 Rf7 93. Be4 Rc7 94. Rd5+ Kb6+ 95. Kb4 Rc1 96. Rd7 Rg1 97. Rb7+ Ka6
98. Kc5 Rc1+ 99. Kd4 Rd1+ 100. Ke5 Ka5 101. Bd5 Rd2 102. Kd6 Ka4 103. Kc5 Rc2+
104. Bc4 Ka3 105. Rb1 Rd2 106. Kb5 Rb2+ 1/2-1/2

[Event "CZECH OPEN 2011 "]
[Site "Pardubice (CZE)"]
[Date "2011.07.29"]
[Round "8.33"]
[White "Rozum, Ivan"]
[Black "Romanko, Marina"]
[Result "1-0"]
[WhiteElo "2464"]
[BlackElo "2402"]
[PlyCount "137"]
[EventDate "2011.07.22"]

1. d4 d5 2. Nf3 Nf6 3. c4 c6 4. Qc2 dxc4 5. Qxc4 Bg4 6. Nbd2 Nbd7 7. g3 e6 8.
Bg2 Be7 9. O-O O-O 10. Nb3 a5 11. a4 Bf5 12. e3 Qb6 13. Nbd2 e5 14. dxe5 Ng4
15. Qf4 Be6 16. Nd4 g5 17. Qe4 Nc5 18. Qc2 Nxe5 19. Nxe6 Nxe6 20. Qf5 Ng6 21.
b3 Qc5 22. Qb1 g4 23. h4 gxh3 24. Bxh3 Qh5 25. Qf5 Qxf5 26. Bxf5 Rfd8 27. Nc4
Bf6 28. Rb1 b5 29. Nd2 Ne7 30. Bxe6 fxe6 31. Ne4 Nd5 32. Bd2 Be7 33. Rfc1 Rdc8
34. Nc5 Kf7 35. Nb7 b4 36. Nc5 Nf6 37. Be1 Rd8 38. Rc4 Rd5 39. Rbc1 Rad8 40.
Kf1 Bxc5 41. Rxc5 Rxc5 42. Rxc5 Rd3 43. Rxc6 Rxb3 44. Rc5 Ne4 45. Rxa5 Nc3 46.
Ra7+ Kg6 47. a5 Ra3 48. Rb7 Rxa5 49. Rxb4 Ra1 50. Rc4 Nd5 51. Ke2 h5 52. Rc6
Kf5 53. Rc8 Kg6 54. Rg8+ Kf7 55. Rg5 Nf6 56. f3 Ra2+ 57. Bd2 Ra1 58. e4 Rh1 59.
Bc3 Rh2+ 60. Ke3 h4 61. g4 Rc2 62. Bxf6 Kxf6 63. Rh5 Rh2 64. Kf4 Rh3 65. g5+
Kg6 66. Rh6+ Kf7 67. Rf6+ Ke7 68. Kg4 Rh1 69. Rh6 1-0

[Event "CZECH OPEN 2011 "]
[Site "Pardubice (CZE)"]
[Date "2011.07.29"]
[Round "8.37"]
[White "Looshnikov, Nikolai"]
[Black "Andre, Gordon"]
[Result "1/2-1/2"]
[WhiteElo "2512"]
[BlackElo "2368"]
[PlyCount "133"]
[EventDate "2011.07.22"]

1. e4 e6 2. d3 d5 3. Nd2 Nf6 4. g3 b6 5. Bg2 Bb7 6. Ngf3 dxe4 7. Ng5 Nbd7 8.
O-O Be7 9. Ngxe4 Qc8 10. a4 a6 11. Nc4 O-O 12. Bd2 Nc5 13. Qe2 Rd8 14. Bg5
Ncxe4 15. dxe4 h6 16. Bf4 Qd7 17. Rfe1 Rac8 18. Be5 Qc6 19. Bc3 a5 20. Ne5 Qe8
21. Qc4 Bc5 22. Nd3 Be7 23. Ne5 Bc5 24. Rad1 Rxd1 25. Rxd1 Rd8 26. Re1 Rc8 27.
b3 Ra8 28. Qe2 Rd8 29. Qc4 Ra8 30. Qb5 Qxb5 31. axb5 Rd8 32. Kf1 Ne8 33. Nc6
Bxc6 34. bxc6 Bb4 35. Bxb4 axb4 36. e5 Rd2 37. Be4 Rd4 38. Bd3 g5 39. Ra1 Rd5
40. Re1 Rc5 41. Re4 f5 42. exf6 Kf7 43. Rxb4 Rxc6 44. Ra4 Rd6 45. Ra8 Nxf6 46.
Rh8 e5 47. f3 h5 48. Rc8 Rd7 49. Bf5 Re7 50. Kf2 Ne8 51. Be4 g4 52. Bd5+ Kg7
53. Ke3 Nf6 54. c4 Nxd5+ 55. cxd5 gxf3 56. Kxf3 e4+ 57. Ke3 Kf6 58. Rh8 Re5 59.
Rh6+ Kg5 60. Rc6 Rxd5 61. Kxe4 Rb5 62. Rxc7 Rb4+ 63. Ke5 Rb5+ 64. Kd4 Rxb3 65.
Rg7+ Kf5 66. Kc4 Re3 67. Kb5 1/2-1/2

[Event "CZECH OPEN 2011 "]
[Site "Pardubice (CZE)"]
[Date "2011.07.29"]
[Round "8.39"]
[White "Oparin, Grigoriy"]
[Black "Vokac, Marek"]
[Result "1-0"]
[WhiteElo "2356"]
[BlackElo "2499"]
[PlyCount "120"]
[EventDate "2011.07.22"]

1. e4 c6 2. d4 d5 3. e5 Qb6 4. Nc3 Bf5 5. Nf3 e6 6. Be2 Nd7 7. O-O Ne7 8. a4 a6
9. a5 Qc7 10. b4 Ng6 11. Rb1 f6 12. h3 fxe5 13. g4 Be4 14. Nxe4 dxe4 15. Ng5
exd4 16. Qxd4 Nf6 17. Rd1 Qe5 18. Qxe5 Nxe5 19. Nxe6 Kf7 20. Nd8+ Kg6 21. Nxb7
Nd5 22. Rb3 Ra7 23. c4 Nxb4 24. Nd6 Nbd3 25. Nxe4 Nxc1 26. Rxc1 Rf7 27. c5 Rf4
28. Ng3 Be7 29. Rb7 Re8 30. Nf5 Bf6 31. Rd1 h5 32. Rd6 hxg4 33. hxg4 Nxg4 34.
Rxg7+ Kxf5 35. Rxg4 Be5 36. Rxf4+ Kxf4 37. Rxc6 Bd4 38. Kf1 Re5 39. Rxa6 Rxc5
40. Ra8 Rf5 41. Bd3 Rf7 42. Rc8 Kg4 43. Rc2 Kh3 44. a6 Ba7 45. Be4 Kh2 46. Bb7
Rf6 47. f3+ Kg3 48. Rc4 Rg6 49. Ke2 Rg7 50. Re4 Bc5 51. Bc8 Rf7 52. Rg4+ Kh2
53. Bb7 Ba7 54. Kd3 Kh3 55. Kc4 Bf2 56. Be4 Rc7+ 57. Kd5 Rc5+ 58. Kd6 Rc4 59.
Bf5 Rc5 60. a7 Ra5 1-0

[Event "CZECH OPEN 2011 "]
[Site "Pardubice (CZE)"]
[Date "2011.07.29"]
[Round "8.89"]
[White "Kulovana, Eva"]
[Black "Swan, Iain"]
[Result "0-1"]
[WhiteElo "2330"]
[BlackElo "2248"]
[PlyCount "112"]
[EventDate "2011.07.22"]

1. e4 e6 2. d4 d5 3. Nd2 c5 4. exd5 Qxd5 5. Ngf3 cxd4 6. Bc4 Qd6 7. O-O Nf6 8.
Nb3 Nc6 9. Nbxd4 Nxd4 10. Nxd4 a6 11. Re1 Qc7 12. Qe2 Bd7 13. Bg5 O-O-O 14. Bh4
Bd6 15. Bg3 Bxg3 16. hxg3 h5 17. Nf3 Bc6 18. Qe5 Bxf3 19. Qxc7+ Kxc7 20. gxf3
Rd4 21. Bd3 Nd7 22. Rad1 Nc5 23. Bf1 Rxd1 24. Rxd1 Rd8 25. Rxd8 Kxd8 26. f4 Na4
27. b3 Nc3 28. a4 a5 29. Bg2 b6 30. Kf1 Ke7 31. Ke1 Kd6 32. Kd2 Nd5 33. c3 e5
34. fxe5+ Kxe5 35. f4+ Kd6 36. Kd3 f6 37. Bf3 g6 38. b4 axb4 39. Bxd5 Kxd5 40.
cxb4 g5 41. Ke3 g4 42. Kd3 f5 43. a5 bxa5 44. bxa5 Kc5 45. Ke3 Kb5 46. Kd2 Kxa5
47. Kd3 Kb5 48. Kd4 Kc6 49. Ke3 Kc5 50. Kd3 Kd5 51. Ke3 Kc4 52. Ke2 Kd4 53. Kd2
Ke4 54. Ke2 h4 55. gxh4 Kxf4 56. Kf2 Ke5 0-1

[Event "CZECH OPEN 2011 "]
[Site "Pardubice (CZE)"]
[Date "2011.07.29"]
[Round "8.48"]
[White "Mueller, Fabian"]
[Black "Smith, Axel"]
[Result "0-1"]
[WhiteElo "2314"]
[BlackElo "2465"]
[PlyCount "110"]
[EventDate "2011.07.22"]

1. d4 Nf6 2. c4 e6 3. Nf3 d5 4. Nc3 Bb4 5. Bg5 h6 6. Bxf6 Qxf6 7. e3 O-O 8. Qb3
c5 9. a3 Bxc3+ 10. bxc3 dxc4 11. Bxc4 Nc6 12. Be2 cxd4 13. cxd4 b6 14. O-O Bb7
15. Rac1 Rfc8 16. Qa4 Qd8 17. Ba6 Bxa6 18. Qxa6 Rc7 19. Rc4 Na5 20. Rxc7 Qxc7
21. Ne5 Rc8 22. h3 Qb7 23. Qd3 Qd5 24. a4 Qb3 25. Qa6 Rc7 26. Qb5 Kf8 27. Rb1
Qxb5 28. axb5 f6 29. Nd3 Rc3 30. Nf4 Kf7 31. Kf1 e5 32. dxe5 fxe5 33. Nd5 Rc4
34. f3 Ke6 35. e4 Kd6 36. h4 Kc5 37. h5 Ra4 38. Kf2 Nc4 39. Nc7 Ra2+ 40. Kg1
Ne3 41. g4 Rg2+ 42. Kh1 Rf2 43. Ne6+ Kc4 44. Ra1 Rxf3 45. Rxa7 Rh3+ 46. Kg1
Nxg4 47. Rxg7 Rg3+ 48. Kf1 Kd3 49. Ra7 Kxe4 50. Ng7 Ne3+ 51. Kf2 Rg2+ 52. Ke1
Rb2 53. Ne8 Nf5 54. Nf6+ Kf3 55. Ra3+ Ne3 0-1

[Event "CZECH OPEN 2011 "]
[Site "Pardubice (CZE)"]
[Date "2011.07.29"]
[Round "8.29"]
[White "Schmidt-Schaeffer, Sebastian"]
[Black "Gundavaa, Bayarsaikhan"]
[Result "1-0"]
[WhiteElo "2385"]
[BlackElo "2480"]
[PlyCount "109"]
[EventDate "2011.07.22"]

1. d4 Nf6 2. c4 e6 3. Nc3 Bb4 4. Qc2 O-O 5. a3 Bxc3+ 6. Qxc3 d5 7. e3 b6 8. Nf3
Bb7 9. b3 Nbd7 10. Be2 c5 11. Bb2 Rc8 12. O-O dxc4 13. bxc4 cxd4 14. exd4 Qc7
15. Rac1 Rfd8 16. Rfe1 Qb8 17. Qb3 Re8 18. h3 Qf4 19. a4 Bc6 20. Ra1 Ne4 21. a5
Ng5 22. Nxg5 Qxg5 23. Bf1 bxa5 24. Re3 a4 25. Qd3 Qf6 26. Qd2 Rb8 27. Bc3 Qh6
28. d5 exd5 29. Bxg7 Qxg7 30. Rg3 Qxg3 31. fxg3 dxc4 32. Bxc4 Ne5 33. Qg5+ Kf8
34. Qh6+ Kg8 35. Rf1 Be4 36. Qg5+ Bg6 37. Bd5 Rbd8 38. Ba2 Rd7 39. h4 Kf8 40.
h5 Bd3 41. Qf6 Bxf1 42. Qh8+ Ke7 43. Qxe5+ Kf8 44. Qc5+ Ree7 45. Qc8+ Kg7 46.
Qc3+ f6 47. Kxf1 Re5 48. Qf3 Rde7 49. h6+ Kg6 50. Bb1+ f5 51. g4 Kg5 52. Bxf5
Re3 53. Qd5 a3 54. Be6+ Kh4 55. Kf2 1-0

[Event "CZECH OPEN 2011 "]
[Site "Pardubice (CZE)"]
[Date "2011.07.29"]
[Round "8.38"]
[White "Sabol, Marian"]
[Black "Kalod, Radek"]
[Result "1/2-1/2"]
[WhiteElo "2372"]
[BlackElo "2500"]
[PlyCount "93"]
[EventDate "2011.07.22"]

1. d4 Nf6 2. Nf3 g6 3. g3 Bg7 4. Bg2 O-O 5. O-O d5 6. c4 dxc4 7. Na3 Na6 8.
Nxc4 c5 9. dxc5 Be6 10. Nce5 Nxc5 11. Be3 Rc8 12. Qxd8 Rfxd8 13. Rac1 Nfe4 14.
b3 a5 15. Rc2 a4 16. b4 Na6 17. Rxc8 Rxc8 18. a3 Nc3 19. Nd4 Bd5 20. Bxd5 Nxd5
21. Nef3 Rc4 22. Nb5 Nxe3 23. fxe3 Nc7 24. Nxc7 Rxc7 25. Rd1 Bb2 26. Rd3 Kg7
27. Nd4 Rc3 28. Nb5 Rxd3 29. exd3 Kf6 30. Kf2 Ke5 31. Ke2 Kd5 32. Kd2 Kc6 33.
Kc2 Bf6 34. Nc3 Bxc3 35. Kxc3 e5 36. Kd2 f5 37. Ke2 Kd5 38. h4 h6 39. Kf3 g5
40. hxg5 hxg5 41. Ke2 f4 42. gxf4 gxf4 43. Kf3 fxe3 44. Kxe3 b5 45. Ke2 Kd4 46.
Kd2 e4 47. dxe4 1/2-1/2

[Event "CZECH OPEN 2011 "]
[Site "Pardubice (CZE)"]
[Date "2011.07.29"]
[Round "8.84"]
[White "Saiyn, Zhanat"]
[Black "Overbeck, Thorsten"]
[Result "1-0"]
[WhiteElo "2077"]
[BlackElo "2285"]
[PlyCount "87"]
[EventDate "2011.07.22"]

1. d4 d5 2. Nf3 Nf6 3. c4 c6 4. e3 Bf5 5. Nc3 e6 6. Nh4 Be4 7. f3 Bg6 8. Nxg6
hxg6 9. a3 Nbd7 10. f4 dxc4 11. Bxc4 a6 12. O-O c5 13. d5 Nb6 14. Ba2 exd5 15.
g4 d4 16. exd4 Qxd4+ 17. Qxd4 cxd4 18. Re1+ Be7 19. Ne4 Kf8 20. Nxf6 gxf6 21.
Bd2 Rh4 22. Re4 Rxg4+ 23. Kf2 f5 24. Rxd4 Kg7 25. h3 Bc5 26. Be3 Rh4 27. b4 Be7
28. Rd3 Rd8 29. Rad1 Rxd3 30. Rxd3 Nc8 31. Rd7 Rxh3 32. Bd5 Bh4+ 33. Ke2 Ne7
34. Bxb7 Rh2+ 35. Kd3 Ra2 36. Bd4+ Kh7 37. Bc5 Rxa3+ 38. Ke2 Ng8 39. Rxf7+ Kh6
40. Bf8+ Kh5 41. Bf3+ Rxf3 42. Kxf3 g5 43. fxg5 Kxg5 44. Rg7+ 1-0

[Event "CZECH OPEN 2011 "]
[Site "Pardubice (CZE)"]
[Date "2011.07.29"]
[Round "8.25"]
[White "Alonso Rosell, Alvar"]
[Black "Ivanov, Mikhail"]
[Result "1/2-1/2"]
[WhiteElo "2502"]
[BlackElo "2410"]
[PlyCount "84"]
[EventDate "2011.07.22"]

1. d4 Nf6 2. c4 d6 3. Nf3 g6 4. g3 Bg7 5. Bg2 O-O 6. O-O Nc6 7. Nc3 a6 8. d5
Na5 9. Nd2 c5 10. Qc2 Rb8 11. b3 b5 12. Rb1 e5 13. dxe6 Bxe6 14. cxb5 axb5 15.
Nce4 Nd5 16. Nf3 Bf5 17. Bd2 Nc6 18. Nh4 Ndb4 19. Qd1 Bxe4 20. Bxe4 d5 21. Bg2
Nxa2 22. Qc2 Nd4 23. Qxc5 Nc3 24. Bxc3 Nxe2+ 25. Kh1 Nxc3 26. Rbc1 b4 27. Rc2
d4 28. Ra2 Re8 29. Qc4 Qd6 30. Nf3 Rbc8 31. Qd3 Ne4 32. Re2 f5 33. Nd2 Rc3 34.
Qb5 Re5 35. Nxe4 fxe4 36. Qa4 Qd5 37. Qxb4 Rxb3 38. Qe1 d3 39. Rxe4 Rxe4 40.
Qxe4 Qxe4 41. Bxe4 Ra3 42. Rd1 Ra1 1/2-1/2

[Event "CZECH OPEN 2011 "]
[Site "Pardubice (CZE)"]
[Date "2011.07.29"]
[Round "8.49"]
[White "Bernadskiy, Vitaliy"]
[Black "Kersten, Uwe"]
[Result "1-0"]
[WhiteElo "2453"]
[BlackElo "2314"]
[PlyCount "83"]
[EventDate "2011.07.22"]

1. d4 Nf6 2. c4 c5 3. d5 b5 4. cxb5 a6 5. bxa6 g6 6. Nc3 Bxa6 7. e4 Bxf1 8.
Kxf1 d6 9. g3 Bg7 10. Kg2 Nbd7 11. Nf3 O-O 12. h3 Nb6 13. Re1 Qd7 14. a4 Ne8
15. a5 Nc4 16. a6 Nc7 17. Qb3 Ne5 18. Nxe5 Bxe5 19. a7 Bxc3 20. bxc3 Rfc8 21.
Re2 Ne8 22. Rea2 Rc7 23. Qb8 Rc8 24. Qb6 Rc7 25. c4 Nf6 26. f3 Qc8 27. Bb2 Nd7
28. Qa6 Qxa6 29. Rxa6 Rb7 30. Bc3 f6 31. f4 Kf7 32. Kf2 Ke8 33. Ke2 Kd8 34. Kd3
Kc8 35. h4 Rb6 36. R6a3 Rb7 37. g4 Kd8 38. g5 Ke8 39. Ra6 fxg5 40. hxg5 Rb6 41.
Rxb6 Nxb6 42. Rb1 1-0

[Event "CZECH OPEN 2011 "]
[Site "Pardubice (CZE)"]
[Date "2011.07.29"]
[Round "8.30"]
[White "Rojicek, Vojtech"]
[Black "Semcesen, Daniel"]
[Result "1-0"]
[WhiteElo "2396"]
[BlackElo "2480"]
[PlyCount "83"]
[EventDate "2011.07.22"]

1. e4 e5 2. Nf3 Nc6 3. Bb5 a6 4. Ba4 Nf6 5. O-O Be7 6. Re1 b5 7. Bb3 d6 8. c3
O-O 9. h3 Nd7 10. d4 Nb6 11. Nbd2 Bf6 12. Nf1 g6 13. N1h2 Na5 14. Bc2 c5 15. b3
Nc6 16. Bb2 Bg7 17. Qd2 exd4 18. cxd4 Bb7 19. Rad1 Re8 20. Bb1 cxd4 21. Nxd4
Ne5 22. f4 Ned7 23. Ndf3 Nc8 24. Bxg7 Kxg7 25. e5 Bxf3 26. Nxf3 Ra7 27. Kh1 Qb6
28. e6 fxe6 29. Ng5 Nf8 30. f5 gxf5 31. Bxf5 e5 32. Ne4 Ng6 33. Bxc8 Rxc8 34.
Nxd6 Rf8 35. Rf1 Raa8 36. Qd5 Qc7 37. Rc1 Qa7 38. Qe6 Rad8 39. Rcd1 b4 40. Nf5+
Rxf5 41. Qxf5 Qe7 42. Qf7+ 1-0

[Event "CZECH OPEN 2011 "]
[Site "Pardubice (CZE)"]
[Date "2011.07.29"]
[Round "8.20"]
[White "Friedel, Joshua E"]
[Black "Feuerstack, Aljoscha"]
[Result "1-0"]
[WhiteElo "2531"]
[BlackElo "2421"]
[PlyCount "81"]
[EventDate "2011.07.22"]

1. e4 c6 2. d4 d5 3. e5 Bf5 4. Nd2 e6 5. Nb3 Nd7 6. Nf3 h6 7. Be2 Ne7 8. O-O g5
9. a4 Bg7 10. a5 a6 11. Ra4 Qc7 12. Re1 O-O 13. Bd2 f6 14. Bb4 Rf7 15. Bd6 Qd8
16. Rb4 Qc8 17. exf6 Bxf6 18. h3 Be4 19. Nfd2 Bg6 20. Bh5 Bxh5 21. Qxh5 Nf5 22.
Bh2 c5 23. dxc5 Nxc5 24. Rb6 Nxb3 25. Nxb3 Qxc2 26. Qg6+ Bg7 27. Qxe6 Nd4 28.
Nxd4 Bxd4 29. Rxb7 Qxf2+ 30. Kh1 Bg7 31. Rd1 Qf5 32. Qc6 Qc8 33. Rc7 Rxc7 34.
Bxc7 d4 35. Re1 d3 36. Re7 Qf8 37. Qd5+ Kh8 38. Rd7 Rc8 39. Qxd3 Qf2 40. Rxg7
Qe1+ 41. Kh2 1-0

[Event "CZECH OPEN 2011 "]
[Site "Pardubice (CZE)"]
[Date "2011.07.29"]
[Round "8.85"]
[White "Pirverdiyev, Agil Kamran Oglu"]
[Black "Jedlicka, Ales"]
[Result "1/2-1/2"]
[WhiteElo "2050"]
[BlackElo "2282"]
[PlyCount "78"]
[EventDate "2011.07.22"]

1. e4 c5 2. Nf3 d6 3. d4 cxd4 4. Nxd4 Nf6 5. Nc3 a6 6. Be3 e5 7. Nf3 Be7 8. Bc4
O-O 9. O-O Nc6 10. Qe2 Bg4 11. h3 Bxf3 12. Qxf3 Rc8 13. Rad1 b5 14. Bb3 h6 15.
a4 Na5 16. Qe2 Nxb3 17. cxb3 Qd7 18. f3 Qe6 19. Nd5 Nxd5 20. Rxd5 f5 21. Rfd1
fxe4 22. fxe4 Qg6 23. axb5 axb5 24. Qg4 Qxg4 25. hxg4 Rc2 26. R1d2 Rc1+ 27. Rd1
Rxd1+ 28. Rxd1 Rc8 29. Rd2 Kf7 30. Kf2 Ke6 31. Rd5 Bh4+ 32. g3 Rc2+ 33. Kf3 Bg5
34. Bxg5 hxg5 35. Rxb5 Rxb2 36. Rb7 g6 37. b4 Rb3+ 38. Kf2 Rb2+ 39. Kf3 Rb3+
1/2-1/2

[Event "CZECH OPEN 2011 "]
[Site "Pardubice (CZE)"]
[Date "2011.07.29"]
[Round "8.57"]
[White "Seger, Ruediger"]
[Black "Majer, Jiri"]
[Result "1-0"]
[WhiteElo "2390"]
[BlackElo "2217"]
[PlyCount "75"]
[EventDate "2011.07.22"]

1. e4 d6 2. d4 Nf6 3. Nc3 g6 4. Nf3 Bg7 5. Be2 O-O 6. O-O c6 7. e5 dxe5 8. Nxe5
Nbd7 9. Bf4 Nb6 10. Re1 Bf5 11. Qd2 Nbd5 12. Nxd5 cxd5 13. c3 Ne4 14. Qc1 Rc8
15. Bf1 Qb6 16. f3 Nd6 17. Kh1 Rce8 18. Nd3 Nc4 19. Nb4 Qd8 20. b3 Na5 21. Qa3
b6 22. Rad1 Qd7 23. c4 dxc4 24. bxc4 Qb7 25. c5 Bd7 26. Ba6 Qa8 27. Bc7 e6 28.
Bd6 Nc6 29. Bb5 a5 30. Nxc6 Bxc6 31. Bxc6 Qxc6 32. Rb1 b5 33. Bxf8 Rxf8 34.
Qxa5 Bxd4 35. Qxb5 Qxc5 36. Qxc5 Bxc5 37. Rb5 Bd4 38. Reb1 1-0

[Event "CZECH OPEN 2011 "]
[Site "Pardubice (CZE)"]
[Date "2011.07.29"]
[Round "8.26"]
[White "Plat, Vojtech"]
[Black "Gutman, Gennadi"]
[Result "1/2-1/2"]
[WhiteElo "2410"]
[BlackElo "2501"]
[PlyCount "68"]
[EventDate "2011.07.22"]

1. e4 c5 2. Nf3 e6 3. d4 cxd4 4. Nxd4 Nf6 5. Bd3 Nc6 6. Nb3 d5 7. exd5 Nxd5 8.
O-O Be7 9. Bd2 Bf6 10. c3 O-O 11. Qc2 h6 12. Na3 b6 13. Rad1 Qe7 14. Be4 Bb7
15. Rfe1 Rfd8 16. c4 Ndb4 17. Qb1 Na6 18. Nb5 Nc5 19. Nxc5 bxc5 20. Bf4 e5 21.
Be3 Bg5 22. Bxg5 hxg5 23. Bd5 a6 24. Nc3 Rd6 25. Ne4 Rh6 26. Ng3 Rf6 27. Qe4
Re8 28. Qe3 Rf4 29. Qb3 Ba8 30. Qb6 Nd4 31. Ne4 Bxd5 32. cxd5 Qd7 33. Qxc5 Rc8
34. Qd6 Qxd6 1/2-1/2

[Event "CZECH OPEN 2011 "]
[Site "Pardubice (CZE)"]
[Date "2011.07.29"]
[Round "8.45"]
[White "Simacek, Pavel"]
[Black "Kriebel, Tadeas"]
[Result "1/2-1/2"]
[WhiteElo "2470"]
[BlackElo "2343"]
[PlyCount "66"]
[EventDate "2011.07.22"]

1. b3 Nf6 2. Bb2 c5 3. f4 Nc6 4. Nf3 e6 5. e3 Be7 6. Ne5 O-O 7. Be2 d6 8. Nxc6
bxc6 9. O-O a5 10. Nc3 d5 11. Qe1 d4 12. Na4 Rb8 13. Rd1 Qd7 14. Bd3 Nd5 15. c3
Nb6 16. Nxb6 Rxb6 17. Qe2 Rd8 18. cxd4 cxd4 19. f5 e5 20. exd4 Bd6 21. Kh1 exd4
22. f6 g6 23. Bxd4 c5 24. Bc3 Re8 25. Qf2 Be5 26. Qh4 Qxd3 27. Bxe5 Rxe5 28.
Qh6 Rxf6 29. Rxf6 Bb7 30. Rf2 Rf5 31. Rxf5 Qe2 32. Rg1 Bxg2+ 33. Rxg2 Qe1+
1/2-1/2

[Event "CZECH OPEN 2011 "]
[Site "Pardubice (CZE)"]
[Date "2011.07.29"]
[Round "8.88"]
[White "Balacek, Tadeas"]
[Black "Strunski, Andreas"]
[Result "1-0"]
[WhiteElo "2251"]
[BlackElo "2352"]
[PlyCount "63"]
[EventDate "2011.07.22"]

1. d4 Nf6 2. c4 g6 3. Nc3 Bg7 4. e4 d6 5. Nf3 O-O 6. Be2 e5 7. O-O Nc6 8. d5
Ne7 9. b4 Ne8 10. c5 f5 11. Nd2 Nf6 12. f3 f4 13. Nc4 h5 14. Ba3 g5 15. b5 Ne8
16. Qa4 g4 17. cxd6 cxd6 18. Qa5 b6 19. Qb4 Ng6 20. Nxd6 Nxd6 21. Qxd6 Qg5 22.
Qc6 gxf3 23. Bxf3 Bh3 24. Bxf8 Nh4 25. Rf2 Rc8 26. Bxg7 Rxc6 27. bxc6 Kxg7 28.
Kh1 Bc8 29. d6 Be6 30. Rd1 Ng6 31. d7 Bxd7 32. Rxd7+ 1-0